Statistics for Countries With the Most National Parks

Click here to take the quiz!

General Stats

  • This quiz has been taken 19 times
  • The average score is 11 of 17

Answer Stats

#Country% Correct
685Australia
100%
47Canada
100%
72Brazil
94%
67Mexico
94%
64United States
94%
116India
82%
54Indonesia
82%
41Chile
71%
43Türkiye
71%
60Colombia
65%
147Thailand
65%
46Venezuela
65%
40Finland
47%
47Norway
47%
48Ukraine
41%
69Israel
18%
40Bahamas
6%

Score Distribution

Percentile by Number Answered

Percent of People with Each Score

Your Score History

You have not taken this quiz